000 00301nam a22001337a 4500
008 170314b xxu||||| |||| 00| 0 eng d
020 _a9780697284259
041 _aeng
080 _25 ED
_a611
100 _a7
101 _aSHM
245 _aCONCEPT HUMAN ANTOMY PHYSIOLOGY
_cVAN.K.K
942 _2udc
_cBK
999 _c7744
_d7744